Normal view
MARC view
- قانون العمل -- تشريعات العمل -- الأردن
Entry Topical Term
001 - CONTROL NUMBER
- control field: 50818
003 - CONTROL NUMBER IDENTIFIER
- control field: JO-AjAnu
005 - DATE AND TIME OF LATEST TRANSACTION
- control field: 20230606082350.0
008 - FIXED-LENGTH DATA ELEMENTS
- fixed length control field: 230606|| aca||aabn | a|a d
040 ## - CATALOGING SOURCE
- Original cataloging agency: JO-AjAnu
- Transcribing agency: JO-AjAnu
150 ## - HEADING--TOPICAL TERM
- Topical term or geographic name entry element: قانون العمل -- تشريعات العمل -- الأردن
670 ## - SOURCE DATA FOUND
- Source citation: Work cat.: (JO-AjAnu)25976: الداودي، غالب علي , author 50817, شرح قانون العمل " دراسة مقارنة "